00823nam a22002177a 450000500170000001000150001702000260003203500140005803700090007208200140008110000320009524501060012725000060023326000460023927000580028530000220034370000430036594200250040899900190043395201530045220251216105230.0 aENG-147304 a9789381632758c500.00 aEN-130836 bDBAD a338.7421 aPandey, Indu Shekhar986102 aAn Economic Study of Public Undertakings Government/cIndu Shekhar Pandey [and] Phanundra Kumar Sinha a1 aNew Delhi bSatyam Publishing Housec2013 aN-3/25, Mohan Garden, Uttam Nagar bNew Delhie110059 a123p.c21c.m.(Hb) aSinha, Phanundra Kumar eAuthor986103 2ddccENh338.74kPAN c213935d213935 001040708NFICaZLSbZLSd2025-12-16eDelivery of Books Act Divisiong500.00l0o338.74pEN-130836r2025-12-16 00:00:00t1v500.00w2025-12-16yEN